书目信息 |
| 题名: |
妈妈教养心理学
|
|
| 作者: | 木紫 编著 | |
| 分册: | 1 发现0-6岁孩子成长的秘密 | |
| 出版信息: | 北京 中国妇女出版社 2014 |
|
| 页数: | [11], 230页 | |
| 开本: | 24cm | |
| 丛书名: | ||
| 单 册: | ||
| 中图分类: | G780 , G781 | |
| 科图分类: | ||
| 主题词: | 家庭教育--jia ting jiao yu--教育心理学 , 幼儿教育--you er jiao yu--家庭教育--教育心理学 | |
| 电子资源: | ||
| ISBN: | 978-7-80203-871-4 | |
| 000 | 00849nam 2200265 450 | |
| 001 | 012001004248 | |
| 005 | 20191029170151.03 | |
| 010 | @a978-7-80203-871-4@dCNY29.80 | |
| 099 | @aCAL 012018118279 | |
| 100 | @a20180917d2014 em y0chiy50 ea | |
| 101 | 0 | @achi |
| 102 | @aCN@b110000 | |
| 105 | @ay z 000yy | |
| 106 | @ar | |
| 200 | 1 | @a妈妈教养心理学@Ama ma jiao yang xin li xue@h1@i发现0-6岁孩子成长的秘密@f木紫编著 |
| 210 | @a北京@c中国妇女出版社@d2014 | |
| 215 | @a[11], 230页@d24cm | |
| 517 | 1 | @a发现0-6岁孩子成长的秘密@Afa xian 0-6 sui hai zi cheng zhang de mi mi |
| 606 | 0 | @a家庭教育@Ajia ting jiao yu@x教育心理学 |
| 606 | 0 | @a幼儿教育@Ayou er jiao yu@x家庭教育@x教育心理学 |
| 690 | @aG780@v5 | |
| 690 | @aG781@v5 | |
| 701 | 0 | @a木紫@Amu zi@4编著 |
| 801 | 0 | @aCN@b江苏凤凰@c20191020 |
| 905 | @b1219697-700@dG780@e1100:1@f4 | |
| 妈妈教养心理学.1.发现0-6岁孩子成长的秘密/木紫编著.-北京:中国妇女出版社,2014 |
| [11], 230页;24cm |
| ISBN 978-7-80203-871-4:CNY29.80 |
| ● |
| 相关链接 |
|
|
|
|
正题名:妈妈教养心理学
索取号:G780/1100:1
 
预约/预借
| 序号 | 登录号 | 条形码 | 馆藏地/架位号 | 状态 | 备注 |
| 1 | 1219697 | 212196979 | 第一样本阅览室/ [索取号:G780/1100:1] | 在馆 | |
| 2 | 1219698 | 212196988 | 教育系资料室/ [索取号:G780/1100:1] | 在馆 | |
| 3 | 1219699 | 212196997 | 教育系资料室/ [索取号:G780/1100:1] | 在馆 | |
| 4 | 1219700 | 212197004 | 第四借阅区/ [索取号:G780/1100:1] | 在馆 |